Bài tập cơ sở lý thuyết hóa hữu cơ
Nội dung cuốn sách được biên soạn theo nội dung cuốn " Giáo trình cơ sở lý thuyết hóa hữu cơ xuất bản năm 2000 và 2001 nhằm đáp ứng cho việc học tập và nghiên cứu về hóa hữu cơ của sinh viên đại học, cao đẳng cũng như giáo viên và ca...
Uloženo v:
| Hlavní autor: | |
|---|---|
| Médium: | Kniha |
| Jazyk: | Undetermined |
| Vydáno: |
Hà Nội
Khoa học và Kỹ thuật
2007
|
| Témata: | |
| Tagy: |
Přidat tag
Žádné tagy, Buďte první, kdo otaguje tento záznam!
|
| Thư viện lưu trữ: | Trung tâm Học liệu Trường Đại học Cần Thơ |
|---|
| LEADER | 01032nam a2200217Ia 4500 | ||
|---|---|---|---|
| 001 | CTU_129087 | ||
| 008 | 210402s9999 xx 000 0 und d | ||
| 020 | |c 70000 | ||
| 082 | |a 547.0076 | ||
| 082 | |b T312 | ||
| 100 | |a Thái, Doãn Tĩnh | ||
| 245 | 0 | |a Bài tập cơ sở lý thuyết hóa hữu cơ | |
| 245 | 0 | |c Thái Doãn Tĩnh | |
| 260 | |a Hà Nội | ||
| 260 | |b Khoa học và Kỹ thuật | ||
| 260 | |c 2007 | ||
| 520 | |a Nội dung cuốn sách được biên soạn theo nội dung cuốn " Giáo trình cơ sở lý thuyết hóa hữu cơ xuất bản năm 2000 và 2001 nhằm đáp ứng cho việc học tập và nghiên cứu về hóa hữu cơ của sinh viên đại học, cao đẳng cũng như giáo viên và cán bộ nghiên cứu về hóa hữu cơ. | ||
| 650 | |a Chemistry, organic | ||
| 650 | |x Problems, exercises, etc. | ||
| 904 | |i Minh | ||
| 980 | |a Trung tâm Học liệu Trường Đại học Cần Thơ | ||